| 000 | 01229nam a2200289 a 4500 | ||
|---|---|---|---|
| 003 | DO-SdBNP | ||
| 005 | 20220530111708.0 | ||
| 007 | ta | ||
| 008 | 220526e2019 dr aodhfr|||| 001 0dspa d | ||
| 020 | _a9789945805659 | ||
| 040 |
_aDO-SdBNP _bspa _cBNPHU |
||
| 082 | 4 |
_222 _bB352m |
|
| 100 | 1 |
_943406 _aBautista Peña, Carmen _bPrólogo |
|
| 245 | 1 | 3 |
_aLa medicina de emergencia en República Dominicana: _bhistoria y desarrollo. / _cCarmen Bautista Peña; Editor, Carlos Tamarez Mañaná; Prólogo, Tito Suero Portorreal. |
| 246 | 1 | 4 |
_aLa medicina de emergencia en República Dominicana: _bhistoria y desarrollo. "medicina de emergencia, algo más que tiempo". |
| 260 |
_aSanto Domingo Este : _b[s.n] _c2019 |
||
| 300 |
_a313 p. : _bil., fotograf. gráf., facsímil ; _c22 cm. |
||
| 500 | _aIncluye datos biográficos de la autora en la contracubierta. | ||
| 500 | _aIncluye bibliografía y notas al pié de páginas | ||
| 590 | _aInventariado 2022 / MF | ||
| 650 | 0 |
_92344 _aMedicina de Emergencia _xHistoria _zRepública Dominicana |
|
| 650 | 4 |
_92344 _aMedicina de Emergencia |
|
| 700 | 1 |
_aSuero Portorreal, Tito, _epról. _981697 |
|
| 700 | 1 |
_aTamares Mañaná, Carlos _eed. _981698 |
|
| 910 | _aMFeliz | ||
| 942 |
_2ddc _cLBS1 |
||
| 999 |
_c51822 _d51822 |
||